Direct Flights from Germany - Statistics

General Stats
  • This quiz has been taken 253 times
  • The average score is 85 of 96
Answers on the Map
Answers color-coded by a green-red scale on the quiz's map according to % correct below.
 
Answer Stats
Answer % Correct
Canada
99%
France
99%
Ireland
99%
Italy
99%
Netherlands
99%
Norway
99%
Poland
99%
Portugal
99%
Spain
99%
Sweden
99%
United Kingdom
99%
United States
99%
Austria
98%
Belgium
98%
Brazil
98%
China
98%
Denmark
98%
Finland
98%
Greece
98%
Iceland
98%
Japan
98%
Mexico
98%
Switzerland
98%
Turkey
98%
Argentina
97%
Serbia
97%
Albania
96%
Bulgaria
96%
Croatia
96%
Czechia
96%
Egypt
96%
Germany
96%
Hungary
96%
India
96%
Morocco
96%
Romania
96%
South Africa
96%
South Korea
96%
Bosnia and Herzegovina
95%
Slovenia
95%
Estonia
94%
Latvia
94%
Lithuania
94%
Saudi Arabia
94%
Slovakia
94%
United Arab Emirates
94%
Algeria
93%
Cuba
93%
Israel
93%
Thailand
93%
Montenegro
92%
Oman
92%
Colombia
91%
Iran
91%
Kosovo
91%
Vietnam
90%
Jordan
89%
North Macedonia
89%
Qatar
89%
Tunisia
89%
Armenia
88%
Cyprus
88%
Georgia
88%
Iraq
88%
Moldova
88%
Nigeria
88%
Dominican Republic
87%
Malta
87%
Azerbaijan
86%
Luxembourg
86%
kenya
84%
Lebanon
84%
Panama
84%
Singapore
84%
Kazakhstan
83%
Ethiopia
82%
Kuwait
81%
Bahrain
80%
Costa Rica
79%
Tanzania
78%
Uzbekistan
78%
Jamaica
77%
Sri Lanka
77%
Taiwan
75%
Angola
73%
Maldives
73%
Namibia
72%
Mongolia
70%
Turkmenistan
70%
Mauritius
67%
Tajikistan
63%
Cape Verde
62%
Seychelles
60%
Barbados
53%
Trinidad and Tobago
44%
Grenada
40%
No matching quizzes found
Score Distribution
Percent of People with Each Score
Percentile by Number Answered
Your Score History
You have not taken this quiz